<?xml version="1.0" encoding="UTF-8"?>
<marc:record xmlns:marc="http://www.loc.gov/MARC21/slim">
   <marc:leader>00000nam a2200000 a 4500</marc:leader>
   <marc:datafield ind1="1" ind2=" " tag="100">
      <marc:subfield code="a">Siegner, Ingo</marc:subfield>
      <marc:subfield code="4">aut</marc:subfield>
      <marc:subfield code="e">Verfasser/-in</marc:subfield>
   </marc:datafield>
   <marc:datafield ind1=" " ind2=" " tag="653">
      <marc:subfield code="a">Ferien</marc:subfield>
   </marc:datafield>
   <marc:datafield ind1=" " ind2=" " tag="653">
      <marc:subfield code="a">Drache</marc:subfield>
   </marc:datafield>
   <marc:datafield ind1=" " ind2=" " tag="653">
      <marc:subfield code="a">Freundschaft</marc:subfield>
   </marc:datafield>
   <marc:datafield ind1=" " ind2=" " tag="653">
      <marc:subfield code="a">Piraten</marc:subfield>
   </marc:datafield>
   <marc:datafield ind1=" " ind2=" " tag="653">
      <marc:subfield code="a">Abenteuer</marc:subfield>
   </marc:datafield>
   <marc:datafield ind1="0" ind2="0" tag="245">
      <marc:subfield code="a">Der kleine Drache Kokosnuss und die wilden Piraten</marc:subfield>
   </marc:datafield>
   <marc:datafield ind1="0" ind2="0" tag="245">
      <marc:subfield code="c">Ingo Siegner</marc:subfield>
   </marc:datafield>
   <marc:datafield ind1=" " ind2="1" tag="264">
      <marc:subfield code="a">München</marc:subfield>
      <marc:subfield code="b">cbj</marc:subfield>
      <marc:subfield code="c">2008</marc:subfield>
   </marc:datafield>
   <marc:datafield ind1="1" ind2=" " tag="490">
      <marc:subfield code="a">Der kleine Drache Kokosnuss</marc:subfield>
   </marc:datafield>
   <marc:datafield ind1=" " ind2=" " tag="250">
      <marc:subfield code="a">3. Aufl.</marc:subfield>
   </marc:datafield>
   <marc:datafield ind1="1" ind2=" " tag="520">
      <marc:subfield code="a">Die Angst des kleinen Drachen Kokosnuss, die Ferien könnten langweilig werden, ist schnell zerstreut, als er mit seiner Freundin, dem Stachelschwein Matilda, eine Floßfahrt unternimmt und echten Piraten begegnet. Die Behandlung durch den Schlimmen Jim und seine Kumpane ist zwar alles andere als freundlich - aber als Kokosnuss-Fan darf man darauf hoffen, dass der Drache nicht lang in einer misslichen Lage bleibt. Das neue Kokosnuss-Abenteuer hat wieder alles, was gelungene Unterhaltung für Leseanfänger braucht: Witz, Spannung, originelle Dialoge und viele Illustrationen. Auf rund 60 Seiten erlebt Kokosnuss seine Gefangennahme, eine Meuterei, die Flucht, eine Schatzsuche, einen richtigen Seekampf und ein überaus glückliches Ende. Ein wirkliches Vergnügen bereiten erneut Siegners Wortspiele und die originellen Namen: da heißen Schiffe "Morsche Mildred" oder "Flotte Berta" und die Piraten werden "Kabeljau-Kurt" oder "Makrelen-Moni" gerufen. Gern zur Fortsetzung empfohlen.</marc:subfield>
   </marc:datafield>
   <marc:datafield ind1=" " ind2=" " tag="020">
      <marc:subfield code="a">9783570134375</marc:subfield>
      <marc:subfield code="9">9783570134375</marc:subfield>
   </marc:datafield>
   <marc:datafield ind1=" " ind2=" " tag="041">
      <marc:subfield code="a">ger</marc:subfield>
   </marc:datafield>
   <marc:datafield ind1=" " ind2=" " tag="300">
      <marc:subfield code="a">67 S.</marc:subfield>
   </marc:datafield>
</marc:record>
